000 00946cam a2200325Ma 4500
001 74054
005 20230410105317.0
008 081210s2008 fr 000 0 fre d
035 _a(OCoLC)ocn354046266
040 _aLVB
_bfre
_cLVB
_dBDF
020 _a9782707153821
050 1 4 _aH 61
_bR425
110 1 _aCentre d`etudes de l`emploi.
130 1 _aReperes
245 1 3 _aLe contrat de travail /
_cCentre d`etudes de l`emploi
260 _aParis :
_bLa Découverte,
_c2008.
300 _a122 p.;
_c18 cm.
440 0 _aReperes ;
_vn.505
650 6 _aContrat de travail
_zFrance.
650 6 _aTravail
_xDroit
_zFrance.
650 6 _aPersonnel
_xLicenciement
_xDroit
_zFrance.
650 7 _aContrat de travail
_zFrance.
_2ram
650 7 _aDroit du travail
_zFrance.
_2ram
730 0 _aCollection Reperes
830 0 _aReperes.
_pEconomie.
830 0 _aReperes ;
_v505.
942 _2lcc
_cbk
946 _amjcruz
994 _aC0
_bDRFGD
999 _c34144
_d34144